Automatizace
Guardado en:
| Formato: | Libro |
|---|---|
| Lenguaje: | checo |
| Publicado: |
Praha
Státní pedagogické nakladatelství
1986
|
| Edición: | 2. vyd. |
| Etiquetas: |
Sin Etiquetas, Sea el primero en etiquetar este registro!
|
MARC
| LEADER | 00000nam a2200000 4500 | ||
|---|---|---|---|
| 001 | c031661 | ||
| 005 | 20250711074102.6 | ||
| 041 | 0 | |a cze | |
| 044 | |a CZ | ||
| 245 | 1 | 0 | |a Automatizace |c Arnošt Bajer, Milan Murina |
| 250 | |a 2. vyd. | ||
| 264 | 1 | |a Praha |b Státní pedagogické nakladatelství |c 1986 | |
| 300 | |a 154 s. | ||